|
|
|
|
| LEADER |
01698nam a2200361 a 4500 |
| 001 |
16380428 |
| 003 |
BD-DhAAL |
| 005 |
20230705131843.0 |
| 008 |
110928s2009 bg 001 0abenod |
| 010 |
|
|
|a 2010309337
|
| 020 |
|
|
|a 9789848765029
|
| 040 |
|
|
|a DLC
|c DLC
|d DLC
|d BD-DhAAL
|
| 042 |
|
|
|a lcode
|
| 043 |
|
|
|a a-bg---
|
| 082 |
0 |
0 |
|a 782.14092
|2 23
|
| 100 |
1 |
|
|a আহমদ,আব্বাসউদ্দীন,
|d 1901-1959.
|9 54838
|
| 245 |
1 |
0 |
|a দিনলিপি ও আমার শিল্পী জীবনের কথা /
|c আব্বাসউদ্দীন আহমদ ; সম্পাদনা, মুস্তাফা জামান আব্বাসী
|
| 246 |
1 |
|
|i Title on t.p. verso:
|a Dinlipi o aamar shilpi jiboner katha
|
| 246 |
1 |
|
|i Parallel title on t.p. verso:
|a Diary and autobiography of Abbasuddin Ahamad
|
| 260 |
|
|
|a ঢাকা :
|b প্রথমা প্রকাশন,
|c ২০০৯
|
| 300 |
|
|
|a ২৩৫ পৃষ্ঠা ;
|c ২৩ সে.মি.
|
| 500 |
|
|
|a Includes Index.
|
| 520 |
|
|
|a Diary and autobiography of Abbasuddin Ahamad, folk singer from Bangladesh.
|
| 541 |
|
|
|a 00023458
|
| 546 |
|
|
|a In Bengali.
|
| 600 |
1 |
0 |
|a Ahamad, Abbasuddin,
|d 1901-1959.
|9 54839
|
| 650 |
|
0 |
|a Folk singers
|z Bangladesh
|v Biography.
|9 54840
|
| 650 |
|
0 |
|a Lyricists
|z Bangladesh
|v Biography.
|9 54861
|
| 700 |
1 |
|
|a আব্বাসী, মুস্তাফা জামান.
|9 19769
|
| 852 |
1 |
|
|a Ayesha Abed Library
|c General Shelf.
|
| 942 |
|
|
|2 ddc
|c BK
|
| 999 |
|
|
|c 11282
|d 11282
|
| 952 |
|
|
|0 0
|1 0
|2 ddc
|4 0
|6 782_140920000000000_AHA
|7 0
|9 18297
|a BIGD
|b BIGD
|c GEN
|d 2023-06-22
|l 0
|o 782.14092 AHA
|p 3050023458
|r 2011-10-02
|t 1
|y BK
|x Transferred from BDI to BIGD.
|